Eniten maitoa tuottavat kunnat Suomessa - Statistics

Yleistilastot
  • Tätä visaa on pelattu 51 kertaa
    7 viimeisimmän päivityksen jälkeen
  • Keskiarvotulos 10 / 20
Vastaustilastot
Maakunta Kunta Miljoonaa litraa % Oikein
Pohjois-Savo Kuopio 68,306
75%
Etelä-Pohjanmaa Kurikka 62,952
75%
Etelä-Pohjanmaa Seinäjoki 26,972
75%
Pohjois-Pohjanmaa Haapavesi 32,974
50%
Kanta-Häme Hämeenlinna 24,762
50%
Etelä-Pohjanmaa Ilmajoki 24,447
50%
Pohjois-Pohjanmaa Kalajoki 27,043
50%
Keski-Pohjanmaa Kannus 22,580
50%
Etelä-Pohjanmaa Kauhajoki 22,411
50%
Etelä-Pohjanmaa Kauhava 32,416
50%
Pohjois-Savo Kiuruvesi 53,859
50%
Keski-Pohjanmaa Kokkola 46,907
50%
Pohjanmaa Kruunupyy 34,987
50%
Pohjois-Savo Lapinlahti 39,246
50%
Pohjois-Pohjanmaa Nivala 49,541
50%
Pohjanmaa Pedersören kunta 33,135
50%
Keski-Pohjanmaa Toholampi 22,981
50%
Pohjois-Savo Vieremä 29,885
50%
Pohjois-Pohjanmaa Reisjärvi 23,033
25%
Pohjois-Pohjanmaa Siikalatva 26,939
25%
Ehtoja vastaavia visoja ei löytynyt
Tulosjakauma
Jokaisen tuloksen saaneiden osuus
Persentiili vastausten määrän mukaan
Tuloshistoriasi
Et ole pelannut tätä visaa sen viimeisimmän päivityksen jälkeen